000 01900cam a22004694i 4500
003 PE-LiUPU
005 20250731172952.0
008 150616s1975 sp r 000 0 spa d
020 _a8430106375
035 _a(Sirsi) i9788430106370
040 _aPE-LiUPU
_bspa
_cPE-LiUPU
_erda
049 _aPRUA
082 0 4 _a251.02
_bV86
_221
100 1 _aVon Rad, Gerhard,
_eautor.
245 1 0 _aSermones /
_cGerthard Von Rad.
264 1 _aSalamanca :
_bEdiciones Sígueme,
_c1975.
300 _a195 páginas ;
_c21 centímetros
336 _atext
_2rdacontent
337 _aunmediated
_2rdamedia
338 _avolume
_2rdacarrier
490 0 _aNueva Alianza ;
_v70
505 0 _a2 Corintios 5, 1-8 -- Juan 20, 11-18 -- Salmo 42 -- 1 Samuel 28, 3-25 -- Ezequiel 37, 1-11 -- Rut 1 -- Oseas 2, 16s. 21. 23s -- Hebreos 4, 1-11 -- Génesis 16, 1-14 -- Mateo 20, 1-15 -- Salmo 1,1-3 -- Deuteronomio 29, 28 -- Génesis 32, 22-31 -- Salmo 43 -- Jeremías 9, 23-24 -- Isaías 26, 20-21 -- Lucas 15, 11-32 -- Isaías 40, 1-8 -- Isaías 30, 8-17 -- Génesis 32, 2-14a -- Isaías 29, 9-14 -- Josué 5, 13-15 y Salmo 31, 9 -- Números 22-24.
526 _aSEG42
526 _aSEG41
526 _aSEG40
526 _aSEG39
526 _aP94
526 _aP87
526 _aP86
526 _aP85
526 _aP77
526 _aP76
526 _aP35
650 0 4 _aSermones.
910 _ajck
_bjvq
_cjck
942 _2ddc
_cBOOK
949 _a251.02 V86
_wDEWEY
_c1
_i15371
_d2015-11-24
_e2015-11-22
_lCCODEBUL1
_mBUL
_n2
_r0
_sY
_tBOOK
_u2015-6-16
_xTEOLOGIA
_zUNKNOWN
_0COMPRA
_o.STAFF. Colección Teología
994 _aC0
_bPEPRU
596 _a1
999 _a251.02 V86
_wDEWEY
_c21891
_i15371
_d21891
_e2019-9-24
_f2021-11-12
_g5
_lCCODEBUL1
_mBUL
_n3
_p30.00
_q1
_r0
_sY
_tBOOK
_u2015-6-16
_xTEOLOGIA
_PP35
_0COMPRA
_o.STAFF. Colección Teología
980 _81
_gALBERTO SANCHEZ Responsable de Automatización